| 000 | 00627nam a2200169 a 4500 | ||
|---|---|---|---|
| 001 | 000041362 | ||
| 005 | 20201002034825.0 | ||
| 008 | 131001s1988 sp 000 0 spa d | ||
| 020 | _a84067347 | ||
| 040 |
_aDO-SdBNP _bspa _cBNPHU |
||
| 245 | 0 | 0 |
_aEstudios onomástico-biográficos de al-andalus / _ceditado por Manuela Marín. |
| 260 |
_aMadrid : _bConsejo Superior de Investigaciones Científicas, _c1988. |
||
| 300 |
_a7 v. ; _c24 cm. |
||
| 700 | 1 |
_aMarín, Manuela _eed. _968011 |
|
| 710 | 2 |
_aConsejo Superior de Investigaciones Científicas, _94786 |
|
| 710 | 2 |
_aInstituto de Filología, Departamento de Estudios Arabes, _968012 |
|
| 999 |
_c40852 _d40852 |
||